000
00248nam a2200097Ia 4500
001
1008058
005
20250826230617.0
008
250824s9999 xx 000 0 und d
245
0
_a
NEDEN İNSAN VÜCUDU
_c
EDA AÇANAL
260
_b
HEP KİTAP YAYINLARI
999
_c
1008058
_d
1008058